000 01140 aa a2200253 4500
005 20090620163721.0
008 080916t xxu||||| |||| 00| 0 hin d
010 _aHIN-87008
020 _a818839811x
_c150.00
035 _aHN-59354
037 _bDBAD / PUB
040 _adpl
_bhn
082 _a230
100 _aगुप्ता, ममता
245 _aधर्मगाथा और जातीय संघर्ष /
_cममता गुप्ता
246 _aDharamgathaa aura jaatiiya sangharsha
_bby Mamta Gupta
260 _aदिल्ली
_bराधारानी प्रकाशन
_c2008
270 _a29/61-बी, गली नं. 11, विश्वास नगर,
_bदिल्ली
_e110032
300 _a144पृ.
_c22 सेमी (सजिल्द)
650 _aहिन्दू धर्म
650 _aHindu religion
942 _adpl
_cHN
_2ddc
_mगुप्ताम
_h230
999 _c27726
_d27726